000 00847nam a22002897a 4500
003 CHAP
005 20220329140154.0
008 971013s1941 us a r 00010 eng d
010 _a48038
011 _a49010
035 _a53158
040 _cCHAP
082 0 4 _a636.082
_bV38
100 0 0 _aVaughan, Henry William.
_9118201
245 1 _aBreeds of livestock in America
260 _aColumbus :
_bCollege Book Company,
_c1941
300 _a780 p.
_b: ilus.
590 _aBATCH-UPD
_b10
_c20130110
_lUCH01
_h1312
590 _aCONVERSION
_b10
_c20130109
_lUCH01
_h1326
650 1 4 _aGanado caballar
_xRazas.
_944984
650 1 4 _aGanado lanar
_xRazas.
_945218
650 1 4 _aGanado porcino
_xRazas.
_945402
650 1 4 _aGanado
_xRazas.
_944950
901 _aBK
942 _cLIBRO
949 _a636.082 V38
_bBC
_cBPA
_d-118047
_eBPA
_h24234
_i53158
_mD
_si
999 _c48038
_d48038